MARC

LEADER 00000nam0a2200000 4500
001 268214
005 20231101234140.0
035 |a (RuTPU)RU\TPU\book\291346 
090 |a 268214 
100 |a 20140828d1973 k y0rusy50 ca 
101 0 |a rus 
102 |a RU 
105 |a a z 001zy 
200 1 |a Кипение жидкостей  |f Е. И. Несис 
210 |a Москва  |c Наука  |d 1973 
215 |a 280 с.  |c ил. 
320 |a Библиогр.: с. 247-280. 
606 1 |a Кипение  |x (теплофизика)  |2 stltpush  |3 (RuTPU)RU\TPU\subj\14390  |9 40790 
610 1 |a термодинамика 
610 1 |a испарение 
610 1 |a кипение 
610 1 |a температура 
610 1 |a исследование 
610 1 |a виды 
610 1 |a кинетика 
610 1 |a паровые пузырьки 
610 1 |a рост 
610 1 |a отрыв 
610 1 |a всплывание 
610 1 |a растворы 
610 1 |a смеси 
610 1 |a звуковой шум 
675 |a 536.423  |v 3 
700 1 |a Несис  |b Е. И.  |g Ефим Израилевич 
801 1 |a RU  |b 63413507  |c 20140828 
801 2 |a RU  |b 63413507  |c 20150716  |g RCR 
942 |c BK